00334nam a2200109Ia 4500008004100000082000800041100001700049245004200066942000600108952009500114999001500209240331s9999 xx 000 0 und d bMAU aMaunaguru, C 0aSankaram :bavaikattukaiyum thakkamum cL 001040708LaWERCLbWERCLcSSCd2024-03-31l0o 812 MAUp4532r2024-03-31w2024-03-31yL c3674d3674